Countries of the World in Faroese #2 - Statistics

General Stats
  • This quiz has been taken 41 times
  • The average score is 14 of 20
Answer Stats
Hint Answer % Correct
Russland Russia
97%
Tailand Thailand
97%
Liktinstein Liechtenstein
94%
Móritius Mauritius
94%
Katar Qatar
94%
Estland Estonia
91%
Svasiland Eswatini
91%
Mikronesiasamveldið F. S. Micronesia
89%
Filipsoyggjar Philippines
89%
Seyskelloyggjar Seychelles
89%
Grikkaland Greece
86%
Sveis Switzerland
86%
Fólkaræðiliga Lýðveldið Kongo D. R. Congo
80%
Stóra Bretland United Kingdom
77%
Atlantshavið Atlantic Ocean
66%
Fjall Mountain
37%
Kyrrahavið Pacific Ocean
37%
Ravin Ravine
31%
Á River
14%
Síða Hillside
3%
No matching quizzes found
Score Distribution
Percent of People with Each Score
Percentile by Number Answered
Your Score History
You have not taken this quiz